500 Word Method German - Statistics

General Stats
  • This quiz has been taken 13 times
  • The average score is 94 of 500
Answer Stats
German English % Correct
für for
92%
haben have
92%
er he
92%
ich I
92%
ist is
92%
mit with
92%
sie you/they/she
92%
aber but
83%
und and
75%
sind are
75%
wie as/how/like
75%
groß big/large
75%
hier here
75%
wenn if/when
75%
in in
75%
es it
75%
oder or
75%
klein small
75%
dass that
75%
drei three
75%
zu to/too
75%
was what
75%
Wort word
75%
auch also
67%
ende end
67%
hatte had
67%
seine his
67%
haus house
67%
lande land
67%
mutter mother
67%
muss must
67%
von of
67%
ein one/a/an
67%
andere other
67%
spielen play
67%
sagen tell/say
67%
die the/which/who
67%
zeit time
67%
war was
67%
wir we
67%
warum why
67%
luft air
58%
fragen ask
58%
sein be
58%
können can/may
58%
vater father
58%
licht light
58%
leben live
58%
männer men
58%
neu new
58%
auf on
58%
bild picture
58%
lesen read
58%
so so
58%
ihre their/your
58%
dies this
58%
wollen want
58%
wo where
58%
akt act
50%
nach after
50%
alle all
50%
tier animal
50%
tun do
50%
aus from/off/out
50%
kopf head
50%
in der Nähe von near
50%
nicht no
50%
alt old
50%
nur only/just
50%
punkt point/dot
50%
sagte said
50%
unter under
50%
uns us
50%
wasser water
50%
arbeit work
50%
welt world
50%
über about/over
42%
bei at
42%
junge boy
42%
durch by/through
42%
kommen come
42%
tag day
42%
finden find
42%
folgen follow
42%
essen food/eat
42%
geben give
42%
hilfe help
42%
hoch high
42%
heiß hot
42%
gemacht made
42%
machen make
42%
mann man
42%
mir me
42%
viel much
42%
name name
42%
jetzt now
42%
recht right
42%
einige some
42%
dann then
42%
diese these
42%
zwei two
42%
gut well
42%
ging went
42%
waren were
42%
schreiben write
42%
jahr year
42%
wieder again
33%
zuhause at home
33%
gewesen been
33%
bauen build
33%
könnte could
33%
land country
33%
jeder each/any/everyone
33%
erde earth
33%
erste first
33%
formular form
33%
vier four
33%
hat has
33%
ihm him
33%
hundert hundred
33%
lernen learn
33%
linie line
33%
lange long
33%
meine my
33%
runde round
33%
sehen see
33%
selbst self
33%
satz set/sentence
33%
seite side/page
33%
stehen stand
33%
studie study
33%
nehmen take
33%
da there
33%
denken think
33%
sehr very
33%
vor before
25%
anruf call
25%
kam came
25%
veränderung change
25%
stadt city
25%
eben even
25%
gefunden found
25%
wissen know
25%
links left
25%
suchen look
25%
niedrig low
25%
bedeuten mean
25%
mehr more
25%
am meisten most
25%
nie never
25%
nacht night
25%
unsere our
25%
teil part
25%
menschen people
25%
ort place/location
25%
gleich same
25%
schule school
25%
zeigen show
25%
klingen sound
25%
buchstabieren spell
25%
start start
25%
als than
25%
sache thing
25%
versuchen try
25%
weg way
25%
werden will
25%
würde would
25%
hinzufügen add
17%
antwort answer
17%
buch book
17%
auto car
17%
klasse class
17%
tat did
17%
direkt direct
17%
tut does
17%
hund dog
17%
familie family
17%
freund friend
17%
mädchen girl
17%
gruppe group
17%
wachsen grow
17%
liste list
17%
wenig little/few
17%
marke mark
17%
multiplizieren multiply
17%
musik music
17%
norden north
17%
objekt object
17%
oft often
17%
papier paper
17%
pose pose
17%
problem problem
17%
produkt product
17%
erhalten receive
17%
meer sea
17%
sollte should
17%
süden south
17%
noch still/yet
17%
baum tree
17%
bis until
17%
verwendung use
17%
wind wind
17%
jung young
17%
oben above
8%
immer always
8%
basis base
8%
begann began
8%
beginn begin
8%
zwischen between
8%
vogel bird
8%
schwarz black
8%
blau blue
8%
boot boat
8%
körper body
8%
beide both
8%
bringen bring
8%
bruder brother
8%
pflege care
8%
tragen carry
8%
kinder children
8%
schließen close
8%
vollständig complete
8%
abdeckung cover
8%
überqueren cross
8%
entscheiden decide
8%
tief deep
8%
tür door
8%
ei egg
8%
genug enough
8%
je ever
8%
beispiel example
8%
auge eye
8%
fallen fall/drop
8%
weit far
8%
bauernhof farm
8%
fühlen feel
8%
fûße feet
8%
feuer fire
8%
fisch fish
8%
fuß foot
8%
voll full
8%
goldenen gold
8%
hälfte half
8%
passieren happen/pass
8%
schwer hard/heavy
8%
idee idea
8%
insel island
8%
halten keep
8%
art kind
8%
könig king
8%
wusste knew
8%
letzte last
8%
spät late
8%
verlassen leave
8%
lassen let
8%
buchstabe letter
8%
brief letter
8%
maschine machine
8%
messen measure
8%
meile mile
8%
mond moon
8%
müssen need
8%
bestellen order
8%
besitzen own
8%
stück piece
8%
flugzeug plane
8%
position position
8%
presse press
8%
setzen put
8%
anzahl quantity
8%
frage question
8%
bereit ready
8%
realen real
8%
rekord record
8%
rot red
8%
region region
8%
fluss river
8%
stein rock
8%
zimmer room
8%
laufen run
8%
säge saw
8%
zweite second
8%
schiff ship
8%
kurz short
8%
seit since
8%
lied song
8%
bald soon
8%
bleiben stay
8%
stopp stop
8%
geschichte story
8%
straße street
8%
sonne sun
8%
oberfläche surface
8%
system system
8%
diejenigen those
8%
nahm took
8%
gehen walk
8%
rad wheel
8%
während while
8%
wunder wonder
8%
fähig able
0%
gegen against
0%
vor ago
0%
uhr am
0%
unter among
0%
erscheinen appear
0%
bereich area
0%
kunst art
0%
anlage attachment
0%
schönheit beauty
0%
bett bed
0%
hinter behind
0%
glauben believe
0%
beste best
0%
besser better
0%
gebracht brought
0%
kugel bullet
0%
beschäftigt busy
0%
ursache cause
0%
zelle cell
0%
zentrum center
0%
sicher certain
0%
überprüfen check
0%
kreis circle
0%
klar clear
0%
kälte cold
0%
farbe color
0%
gemeinsam common
0%
enhalten contain
0%
richtig correct
0%
zählen count
0%
kurs course
0%
kasten crate/box
0%
schrei cry
0%
schnitt cut
0%
dunkel dark
0%
entwickeln develop
0%
abweichen differ
0%
tanz distance
0%
entfernt distant
0%
kluft divide
0%
getan done
0%
unterlassen sie don't
0%
nach unten downward
0%
ziehen draw
0%
antriebs drive
0%
trocken dry
0%
während during
0%
früh early
0%
erleichtern ease/facilitate
0%
osten east
0%
energie energy
0%
motor engine
0%
gleichsetzen equate
0%
gesicht face
0%
tatsache fact
0%
filz felt
0%
feld field
0%
abbildung figure/illustration
0%
füllen fill
0%
finale final
0%
fein fine
0%
funf five
0%
boden floor
0%
fliegen fly
0%
kraft force
0%
kostenlos free
0%
front front
0%
spiel game
0%
gab gave
0%
allgemein general/generally
0%
bekam got
0%
regieren govern
0%
groß grand
0%
grün green
0%
seits hands
0%
hören hear
0%
gehört heard
0%
herz heart
0%
wärme heat
0%
halten hold
0%
pferd horse
0%
stunde hour
0%
hundert hunderd
0%
jagd hunt
0%
eis ice
0%
zoll inch
0%
umfassen include
0%
statt instead off
0%
interesse interest
0%
wiederum in turn
0%
sprache language
0%
lachen laugh
0%
legen lay
0%
führen lead
0%
vortrag lecture
0%
dauer length
0%
weniger less
0%
hören listen
0%
liebe love
0%
haupt main
0%
karte map
0%
materie matter
0%
macht might
0%
minute minute
0%
fehl miss
0%
geld money
0%
morgen morning
0%
berg mountain
0%
umzug move
0%
nächste next
0%
note note
0%
nichts nothing
0%
merken notice
0%
hinweis notice
0%
nomen noun
0%
zahl numeral
0%
ozean ocean
0%
einmal once
0%
geöffnet open
0%
malen paint
0%
paar pair
0%
vielleicht perhaps
0%
person person
0%
ebene plain
0%
plan plan
0%
hafen port
0%
möglich possible
0%
pfund pound
0%
vorhanden present
0%
wahrscheinlich probable/probably
0%
produzieren produce
0%
ziehen pull
0%
schnell quick
0%
regen rain
0%
lief ran
0%
erreichen reach
0%
grund reason
0%
vertreten represent
0%
rest rest
0%
rück return
0%
fahrt ride
0%
regel rule
0%
wissenschat science
0%
scheinen seem
0%
dienen serve
0%
regeln settle
0%
mehrere several
0%
form shape
0%
einfach simple
0%
singen sing
0%
sechs six
0%
größe size
0%
schleppend slow
0%
schnee snow
0%
raum space
0%
sprechen speak
0%
besondere special
0%
quadrat square
0%
stern star
0%
zustand status
0%
schritt step
0%
stand stood
0%
stark strong
0%
thema subject
0%
plötzlich sudden
0%
sicher sure
0%
silbe syllable
0%
tabelle table
0%
schwanz tail
0%
lehren teach
0%
muster template/pattern
0%
zehn ten
0%
prüfung test
0%
obwohl though
0%
gedanken thought
0%
tausend thousand
0%
reifen tire
0%
zusammen together
0%
sagte told
0%
obere top
0%
reise travel
0%
wahr true
0%
einheit unit
0%
nach oben upward
0%
üblich usual
0%
variieren vary
0%
stimme voice
0%
vokal vowel
0%
verbum vrbe
0%
warten wait
0%
krieg war
0%
beobachten watch
0%
welle wave
0%
woche week
0%
gewicht weight
0%
westen west
0%
weiß white
0%
ganze whole
0%
holz wood
0%
No matching quizzes found
Score Distribution
Percent of People with Each Score
Percentile by Number Answered
Your Score History
You have not taken this quiz